000 00309nam a22001217a 4500
008 160521b xxu||||| |||| 00| 0 eng d
020 _a9780763762599
020 _a9780763762599
041 _aeng
080 _a579
245 _aAlcamos fundamentals of microbiology:
_cJeffrey C. Pommerville;
942 _2udc
_cBK
999 _c2336
_d2336